000 00366nam a2200133Ia 4500
008 151001s9999||||xx |||||||||||||| ||und||
100 _aशिरीष कणेकर
245 _aफिल्लमबाजी
250 _a1
260 _bविजय प्रकाशन नागपूर
260 _c1980
300 _a167
365 _b21
999 _c963428
_d963425